| 000 | 00664nam a2200229 a 4500 | ||
|---|---|---|---|
| 999 |
_c3521 _d3521 |
||
| 001 | 3521 | ||
| 003 | BD-JhCC | ||
| 005 | 20171114185056.0 | ||
| 008 | 171114s2003 bg a|||| ||a| 000 0 ben d | ||
| 020 | _a9848682279 | ||
| 035 | _a(BD-JhCC) 3521 | ||
| 040 |
_aBD-JhCC _dBD-JhCC |
||
| 041 | _aben | ||
| 082 |
_a891.4435 _bAHM 2003 |
||
| 100 | _aআহমেদ, হুমায়ূন | ||
| 245 |
_aব্যাঙ -কন্যা এলেং / _c হুমায়ূন আহমেদ |
||
| 260 |
_aঢাকা : _bঅন্যপ্রকাশ _c2003 |
||
| 300 |
_a14 p .: _c24 cm . |
||
| 650 | _aBengali Stories | ||
| 942 |
_2ddc _cBK |
||